Hero Squared #2 /

So what do you do when you can't seem to get along with your parallel world superhero alternate self? You both go to therapy! Milo and Captain Valor decide to sit down and work it out, and the results are... well, let's just say that the session's going to be really expensive! More be...

Full description

Bibliographic Details
Corporate Author: Library Pass, LLC
Other Authors: DeMatteis , J.M. (writer.), Giffen, Keith (writer.)
Format: eBook
Language:English
Published: [United States] : BOOM! Studios, 2010.
Subjects:
Online Access:Connect to this electronic book (First time users create your free account)

MARC

Tag First Indicator Second Indicator Subfields
LEADER 00000nmm a22000001a 4500
001 in00004627708
006 m|||||o||m||||||||
007 cr|cn |||uuuuu
008 221118s2010 xxu||||eo|||| ||||||eng d
005 20221207221828.9
035 |a (TxWaIVM)IV1382BOHe 
040 |a TxWaIVM  |c TxWaIVM 
245 0 0 |a Hero Squared #2 /  |c powered by Library Pass. 
260 3 |a [United States] :  |b BOOM! Studios,  |c 2010. 
300 |a 1 online resource. 
336 |a text  |b txt  |2 rdacontent 
337 |a computer  |b c  |2 rdamedia 
338 |a online resource  |b cr  |2 rdacarrier 
520 |a So what do you do when you can't seem to get along with your parallel world superhero alternate self? You both go to therapy! Milo and Captain Valor decide to sit down and work it out, and the results are... well, let's just say that the session's going to be really expensive! More best-selling, critically-acclaimed Bwah-ha-ha hilarity from the premiere writing team in comics! 
521 |a 3 
538 |a Requires a valid library card and registration for new users. 
538 |a Mode of access: World Wide Web. 
538 |a System requirements: Flash 10.1 or higher, Windows XP and higher, Internet Explorer 7 and higher, Firefox 3.6 and higher, Google Chrome; Max OS 10.5 and higher, Safari 4 and higher. 
650 0 |a Comic books, strips, etc. 
655 7 |a Electronic books.  |2 local 
655 7 |a Comic books, strips, etc.  |2 gsafd 
650 0 |a Humor 
655 7 |a Humor  |2 gsafd 
650 0 |a Comic books, strips, etc. --Superheroes 
655 7 |a Comic books, strips, etc. --Superheroes  |2 gsafd 
700 1 |a DeMatteis , J.M..  |e writer. 
700 1 |a Giffen, Keith.  |e writer. 
700 1 |a Abraham, Joe.  |e artist. 
710 2 |a Library Pass, LLC. 
856 4 0 |u http://proxy.library.tamu.edu/login?url=https://tamu.librarypass.com/product/com.iversecomics.boom.studios.hero.squared.two.09232010  |z Connect to this electronic book (First time users create your free account)  |t 0 
955 |a Comics Plus. 
999 f f |s 54a2dbff-ab52-476e-b55f-ee2468269a5b  |i 774f786c-dd91-4188-b90c-7924d095a517  |t 0 
952 f f |a Texas A&M University  |b College Station  |c Electronic Resources  |d Available Online  |t 0  |h Library of Congress classification 
998 f f |t 0  |l Available Online